Public Speaking (Record no. 346854)
[ view plain ]
| 000 -LEADER | |
|---|---|
| fixed length control field | 00249 a2200109 4500 |
| 090 ## - LOCALLY ASSIGNED LC-TYPE CALL NUMBER (OCLC); LOCAL CALL NUMBER (RLIN) | |
| -- | 4410 |
| -- | 4410 |
| 100 ## - MAIN ENTRY--PERSONAL NAME | |
| Personal name | Micheal Osborn |
| 245 ## - TITLE STATEMENT | |
| Title | Public Speaking |
| 250 ## - EDITION STATEMENT | |
| Edition statement | 3rd Ed |
| 260 ## - PUBLICATION, DISTRIBUTION, ETC. | |
| Place of publication, distribution, etc. | A.I.T.B.S.Pub |
| Name of publisher, distributor, etc. | Delhi |
| Date of publication, distribution, etc. | 1998 |
| 942 ## - ADDED ENTRY ELEMENTS (KOHA) | |
| Institution code [OBSOLETE] | NBS |
| Koha item type | Book |
| Call number prefix | 808.51 OSB |
| Withdrawn status | Lost status | Damaged status | Not for loan | Permanent Location | Current Location | Date acquired | Total Checkouts | Full call number | Barcode | Date last seen | Price effective from | Koha item type | Date last checked out |
|---|---|---|---|---|---|---|---|---|---|---|---|---|---|
| Central Library (CL) | Central Library (CL) | 08/28/2013 | 808.51 OSB | NBS2147 | 06/26/2025 | 08/28/2013 | Book | ||||||
| Central Library (CL) | Central Library (CL) | 08/28/2013 | 2 | 808.51 OSB | NBS6830 | 03/13/2026 | 08/28/2013 | Book | 02/11/2026 | ||||
| Central Library (CL) | Central Library (CL) | 08/28/2013 | 1 | 808.51 OSB | NBS1924 | 02/20/2017 | 08/28/2013 | Book | 07/28/2016 |
